Distributed systems : (Record no. 434)

MARC details
000 -LEADER
fixed length control field 00830nac a22002171u 4500
010 ## - LIBRARY OF CONGRESS CONTROL NUMBER
LC control number 2001279290
020 ## - INTERNATIONAL STANDARD BOOK NUMBER
International Standard Book Number 0130888931
020 ## - INTERNATIONAL STANDARD BOOK NUMBER
International Standard Book Number 8120322150
035 ## - SYSTEM CONTROL NUMBER
System control number (OCoLC)ocm46944964
082 00 - DEWEY DECIMAL CLASSIFICATION NUMBER
Classification number 004.36
Item number T1641
090 ## - LOCALLY ASSIGNED LC-TYPE CALL NUMBER (OCLC); LOCAL CALL NUMBER (OCLC)
-- 434
-- 434
100 ## - MAIN ENTRY--PERSONAL NAME
Personal name Tanenbaum, Andrew S.,
245 10 - TITLE STATEMENT
Title Distributed systems :
Remainder of title principles and paradigms /
Statement of responsibility, etc Andrew S. Tanenbaum, Maarten Van Steen.
260 ## - PUBLICATION, DISTRIBUTION, ETC. (IMPRINT)
Place of publication, distribution, etc Upper Saddle River, N.J. :
Name of publisher, distributor, etc Prentice Hall,2003.
Date of publication, distribution, etc 2003.
300 ## - PHYSICAL DESCRIPTION
Extent xxii, 803 p. :
Other physical details ill. ;
Dimensions 24 cm.
650 #0 - SUBJECT ADDED ENTRY--TOPICAL TERM
Topical term or geographic name as entry element Electronic data processing
General subdivision Distributed processing.
650 #0 - SUBJECT ADDED ENTRY--TOPICAL TERM
Topical term or geographic name as entry element Distributed operating systems (Computers)
700 1# - ADDED ENTRY--PERSONAL NAME
Personal name Steen, Maarten van.
942 ## - ADDED ENTRY ELEMENTS (KOHA)
Item type Book - Borrowing
Call number prefix 004.36T1641
Holdings
Withdrawn status Item status Source of classification or shelving scheme Damaged status Not for loan Vendor Home library Current library Shelving location Date acquired Source of acquisition Cost, normal purchase price Total Checkouts Total Renewals Full call number Barcode Date last seen Date last borrowed Cost, replacement price Koha item type
    Dewey Decimal Classification       Central Library Central Library Lower Floor 06/05/2010   224.00 7 6 004.36 TAN 000004191 15/07/2025 07/02/2024 280.00 Book - Borrowing